A Zara vállalat termékeinek és az üzletekben vásárlók vásárlói szokásainak vizsgálata Magyarországon

Bibliográfiai részletek
Szerző: Kertész Márton
További közreműködők: Kopcsay Dr. László
Dokumentumtípus: Diplomadolgozat
Kulcsszavak:Zara
Inditex
Vásárlói szokások
Online Access:http://dolgozattar.uni-bge.hu/4671

MARC

LEADER 00000nta a2200000 i 4500
001 dolg4671
005 20160610090818.0
008 151214suuuu hu om 000 hun d
040 |a BGE Dolgozattár Repozitórium  |b hun 
041 |a hu 
100 1 |a Kertész Márton 
245 1 2 |a A Zara vállalat termékeinek és az üzletekben vásárlók vásárlói szokásainak vizsgálata Magyarországon  |c Kertész Márton  |h [elektronikus dokumentum] 
695 |a Zara 
695 |a Inditex 
695 |a Vásárlói szokások 
700 1 |a Kopcsay Dr. László  |e ths 
856 4 0 |u http://dolgozattar.uni-bge.hu/4671/1/Zara%20szakdolgozat%20v%C3%A9gleges.doc  |z Dokumentum-elérés